LEADER 00886nab a2200205 i 4500 001 000000309202 003 CaOOAMICUS 005 20180831172949.0 008 180831n xx uu u0 0fre r 013 $a18282 040 $aSeMil$bita 245 10$aLettre Encyclique "Ecclesia de Eucharistia" =$bL'Eglise vit de l'Eucharistie /$cde Jean-Paul 2. 650 4$aGiovanni Paolo II - Encicliche . Ecclesia de Eucharistia.$0(OLS)http://semarc/subject/43877 700 0 $aIoannes Paulus II,$c.$0(OLS)http://semarc/name/646 773 0 $t[vedi periodico].$gp.63-87$w()274343 900 1 $aWojtyla, Karol,$d<1920-2005>. 900 0 $aGiovanni Paolo II$c. 996 $6245$aLettre Encyclique "Ecclesia de Eucharistia" =$bL'Eglise vit de l'Eucharistie$9(OLS)http://semarc/title/384286 LEADER 01519nam a2200241 i 4500 001 000000213730 003 CaOOAMICUS 005 20120605000000.0 008 120605s1720 it u000 u lat u 013 $a192585 026 $aR.F. I.u* 3.o- p.qu (3) 1720 (R) - [*= nesso latino ae] 040 $aSeMil$bita 245 10$aJoh. Nicolai Funccii Marburgensis De pueritia Latinae linguae tractatus, quo priscus sermonis Romani, ad usque bellum Punicum secundum, examinatur status, & diversa veteris Latii monumenta illustrantur. 260 $aMarburgi Cattorum :$bEx Typographia Phil. Casim. Mülleri academ. typogr.,$c1720. 300 $a[6], 138 p. ;$c8°. 500 $aIniziali ornate. - Segn. : pigreco4 (-pigreco4) A-R4 S2 (-S2). - Legato con 1Z-II-59 e 61 FA. 650 4$aLingua latina - Grammatica - Trattati.$0(OLS)http://semarc/subject/39878 700 1 $aMüller, Philippe Kasimir .$0(OLS)http://semarc/name/76116 700 1 $aFunck, Johann Nicolaus,$c.$0(OLS)http://semarc/name/76113 850 $aSeMil 852 $aSeMil$W1$xVenegono$y1$m1Z II 60 FA$j164158$B164158$CSeMilBibl$Z2$F175207 $8I 996 $6245$aJoh. Nicolai Funccii Marburgensis De pueritia Latinae linguae tractatus, quo priscus sermonis Romani, ad usque bellum Punicum secundum, examinatur status, & diversa veteris Latii monumenta illustrantur$9(OLS)http://semarc/title/308076 996 $6260$aMarburgi Cattorum :$bEx Typographia Phil. Casim. Mülleri academ. typogr.$9(OLS)http://semarc/publisher/52795